[Event "Challenge"]
[Site "http://www.queenalice.com/game.php?id=1804079"]
[Date "2023.1.16"]
[Round "-"]
[White "NeeneNY"]
[Black "Antonella"]
[Result "1-0"]
[WhiteElo "1488"]
[BlackElo "1344"]

1. e4 e5 2. Nf3 d6 3. Bc4 Nf6 4. Nc3 Bg4 5. h3 Bxf3 6. Qxf3 Be7 7. O-O O-O 8.
Nd5 Nbd7 9. b4 c6 10. Ne3 c5 11. b5 Nb6 12. a4 Nxc4 13. Nxc4 a6 14. Bb2 h6 15.
b6 Qd7 16. c3 d5 17. exd5 Nxd5 18. Nxe5 Qe6 19. c4 1-0

[Event "Challenge"]
[Site "http://www.queenalice.com/game.php?id=1804080"]
[Date "2023.1.16"]
[Round "-"]
[White "Antonella"]
[Black "ron_h_roy2003"]
[Result "0-1"]
[WhiteElo "1381"]
[BlackElo "1568"]

1. e4 e5 2. Nf3 Nc6 3. d4 f6 4. Bc4 Bd6 5. d5 Na5 6. Be2 b6 7. a3 Ne7 8. Nc3 h6
9. b4 Nb7 10. Bc4 Ng6 11. h4 a6 12. h5 Nf4 13. g3 Ng2+ 14. Kf1 b5 15. Be2 Nf4
16. gxf4 exf4 17. Qd3 Be5 18. d6 Nxd6 19. Qd5 Bb7 20. Qb3 Bxc3 21. Qxc3 Nxe4 22.
Qb3 Qe7 23. Bxf4 O-O-O 24. Rh2 Rhg8 25. a4 g5 26. Be3 g4 27. Rg2 gxf3 28. Bxf3
Rxg2 29. Bxg2 Rg8 30. Bxe4 Rg4 31. Bxb7+ Kxb7 32. axb5 Qe4 33. bxa6+ Ka8 34. Qf7
Qh1+ 35. Ke2 Qxa1 36. Qxd7 Qxa6+ 37. Kf3 Rc4 38. b5 Qb7+ 39. Kg3 c6 40. bxc6
Rxc6 41. Qxb7+ Kxb7 42. Bxh6 Rxc2 43. Bg7 Rc4 44. Bxf6 Rc6 45. Bg5 Rc7 46. Kg4
Rf7 47. f4 Kc7 48. f5 Kd7 0-1

[Event "Challenge"]
[Site "http://www.queenalice.com/game.php?id=1804744"]
[Date "2023.1.25"]
[Round "-"]
[White "Antonella"]
[Black "dosoldini"]
[Result "1-0"]
[WhiteElo "1344"]
[BlackElo "1462"]

1. e3 e5 2. d4 exd4 3. exd4 d5 4. Nc3 c5 5. dxc5 Bxc5 6. Qxd5 Qe7+ 7. Be2 Nd7 8.
Nf3 Ngf6 9. Qc4 Ng4 10. Qxg4 O-O 11. Bh6 f6 12. Qc4+ Rf7 13. Bd2 Ne5 14. Nxe5
fxe5 15. Bg5 Bxf2+ 16. Kd1 Qxg5 17. Ne4 Qd8+ 18. Bd3 Be3 19. Rf1 Bg4+ 20. Ke1
Bh5 21. g3 Rc8 22. Qb3 Kf8 23. Rxf7+ Bxf7 24. Bc4 Bxc4 25. Qa3+ Qe7 26. Qxe3 b6
27. b3 Be6 28. c4 Qa3 29. Ng5 Bf5 30. Qf3 Kg8 31. Qxf5 Qe7 32. Qxh7+ 1-0

[Event "Challenge"]
[Site "http://www.queenalice.com/game.php?id=1809737"]
[Date "2023.4.10"]
[Round "-"]
[White "Antonella"]
[Black "dosoldini"]
[Result "1-0"]
[WhiteElo "1362"]
[BlackElo "1431"]

1. e4 e5 2. Nc3 c6 3. Nf3 d6 4. h3 h6 5. d4 Nd7 6. a4 Ngf6 7. Be3 Qa5 8. Qd2 Qc7
9. Be2 d5 10. exd5 Bb4 11. dxe5 Nxe5 12. O-O-O Ne4 13. Qd4 Bd6 14. Nxe4 c5 15.
Qc3 c4 16. Nxe5 Bxe5 17. Qb4 c3 18. Nxc3 Bd6 19. Qe4+ Qe7 20. Bb5+ Bd7 21. Bxd7+
Kxd7 22. Qf3 1-0

[Event "Challenge"]
[Site "http://www.queenalice.com/game.php?id=1809811"]
[Date "2023.4.12"]
[Round "-"]
[White "Antonella"]
[Black "Mapelli"]
[Result "0-1"]
[WhiteElo "1398"]
[BlackElo "1372"]

1. e4 b6 2. Nc3 Bb7 3. d4 g6 4. Be3 Bg7 5. h3 h6 6. Bd3 a6 7. Nf3 b5 8. Qd2 g5
9. O-O-O e6 10. d5 exd5 11. h4 g4 12. Nd4 Ne7 13. a3 Nbc6 0-1

[Event "Challenge"]
[Site "http://www.queenalice.com/game.php?id=1809872"]
[Date "2023.4.12"]
[Round "-"]
[White "DC"]
[Black "Antonella"]
[Result "1-0"]
[WhiteElo "1435"]
[BlackElo "1413"]

1. e4 e5 2. f4 Nc6 3. fxe5 Qh4+ 4. g3 Qxe4+ 5. Qe2 Qxh1 6. Nf3 Bc5 7. d3 d6 8.
Be3 Bh3 9. Nbd2 Bxf1 10. Nxf1 dxe5 11. O-O-O e4 12. N1d2 Qxd1+ 13. Kxd1 exf3 14.
Qxf3 Bxe3 15. Qxe3+ Nge7 16. Ne4 O-O-O 17. Qf4 f6 18. Qg4+ 1-0

[Event "Challenge"]
[Site "http://www.queenalice.com/game.php?id=1812102"]
[Date "2023.5.19"]
[Round "-"]
[White "Antonella"]
[Black "dosoldini"]
[Result "1-0"]
[WhiteElo "1394"]
[BlackElo "1472"]

1. e4 e5 2. Nf3 Nc6 3. Bb5 Bc5 4. Bxc6 bxc6 5. Nxe5 Bxf2+ 6. Kxf2 Qf6+ 7. Nf3 d6
8. Nc3 Bg4 9. b3 h5 10. h3 Bxf3 11. Qxf3 Qd4+ 12. Ke2 Nf6 13. Bb2 O-O 14. Rhe1
Rae8 15. d3 d5 16. Qe3 Qe5 17. Nd1 Qh2 18. Rg1 Nxe4 19. Qd4 Nc3+ 20. Kd2 Re2+
21. Kc1 Rxg2 22. Rxg2 Qxg2 23. Bxc3 f6 24. Kb2 1-0

[Event "Challenge"]
[Site "http://www.queenalice.com/game.php?id=1823644"]
[Date "2023.10.23"]
[Round "-"]
[White "Antonella"]
[Black "dejami"]
[Result "0-1"]
[WhiteElo "1396"]
[BlackElo "1743"]

1. e4 e5 2. Nf3 Qf6 3. d4 d6 4. Be3 h6 5. Nc3 c6 6. d5 Ne7 7. a3 g5 8. h3 a6 9.
dxc6 Nexc6 10. Nd5 Qd8 11. h4 g4 12. Nxe5 dxe5 13. Bc4 b5 14. Bb6 Qd6 15. Nc7+
Ke7 16. Nxa8 bxc4 17. Qxd6+ Kxd6 18. O-O-O+ Ke7 19. Be3 f6 20. Bxh6 Bxh6+ 21.
Kb1 Nd7 22. Nc7 Nb6 23. Nd5+ Nxd5 24. Rxd5 Nd4 25. f3 gxf3 26. gxf3 Nxf3 27. b3
c3 28. Rd3 Nd2+ 29. Rxd2 Bxd2 30. Rd1 Rxh4 31. b4 Rxe4 32. Ka2 Be6+ 33. Kb1 Bf4
0-1

[Event "Challenge"]
[Site "http://www.queenalice.com/game.php?id=1823645"]
[Date "2023.10.23"]
[Round "-"]
[White "dejami"]
[Black "Antonella"]
[Result "1-0"]
[WhiteElo "1727"]
[BlackElo "1375"]

1. e4 e5 2. Bc4 Nf6 3. h3 Bc5 4. d3 d6 5. g4 Nc6 6. c3 Be6 7. Bb5 Qd7 8. g5 Ng8
9. a4 a6 10. Bxc6 Qxc6 11. b4 Bxf2+ 12. Kxf2 Qxc3 13. Nxc3 O-O-O 14. a5 h6 15.
Qh5 Ne7 16. Qh4 hxg5 17. Qxg5 Ng6 18. Qe3 c5 19. Na4 Kc7 20. bxc5 dxc5 21. Qxc5+
Kb8 22. Rb1 b5 23. Qb6+ Kc8 24. Qc6+ Kb8 25. Qxa6 Kc7 26. Qa7+ Kc6 27. Ba3 bxa4
28. Rb6# 1-0

[Event "Challenge"]
[Site "http://www.queenalice.com/game.php?id=1824547"]
[Date "2023.11.2"]
[Round "-"]
[White "Antonella"]
[Black "dosoldini"]
[Result "1-0"]
[WhiteElo "1372"]
[BlackElo "1492"]

1. e4 e5 2. Nf3 Nc6 3. Nc3 d6 4. g3 a6 5. a3 Nf6 6. d3 h6 7. Bg2 Be6 8. h3 Qd7
9. Be3 b5 10. Qd2 d5 11. exd5 Nxd5 12. d4 Bd6 13. O-O-O Na5 14. Nxd5 Bxd5 15.
Qxa5 Qf5 16. dxe5 Bxf3 17. exd6 Bxd1 18. d7+ Qxd7 19. Bxa8 Qe6 20. Rxd1 O-O 21.
Qxc7 Rxa8 22. Rd8+ Rxd8 23. Qxd8+ Kh7 24. Qd3+ g6 25. b3 Qxh3 26. c4 Qf5 27.
Qxf5 gxf5 28. c5 1-0

[Event "Challenge"]
[Site "http://www.queenalice.com/game.php?id=1825123"]
[Date "2023.11.13"]
[Round "-"]
[White "PRZ"]
[Black "Antonella"]
[Result "1-0"]
[WhiteElo "1336"]
[BlackElo "1393"]

1. c4 d5 2. d4 e6 3. Nc3 Nc6 4. c5 b6 5. b4 Nxb4 6. Qa4+ Nc6 7. Qxc6+ Bd7 8. Qb7
Ne7 9. Qa6 e5 10. Nf3 exd4 11. Nxd4 bxc5 12. Ndb5 d4 13. Ne4 Nd5 14. e3 dxe3 15.
fxe3 Nb4 16. Qa4 Qh4+ 17. g3 Qe7 18. Nec3 Qe5 19. a3 Bxb5 20. Qxb5+ Kd8 21. Bd2
Nc2+ 22. Kd1 Nxa1 23. Qb7 Rc8 24. Ba6 Qh5+ 25. Ne2 Rb8 26. Qxb8+ Ke7 27. Qxc7+
Kf6 28. Bc3+ Kg6 29. Bxa1 Qd5+ 30. Nd4 cxd4 31. Rf1 f6 32. Bxd4 Qb3+ 33. Qc2+
Kf7 34. Qxb3+ Ke8 35. Qe6+ Be7 36. Bxa7 h6 37. Ke2 h5 38. Rd1 g5 39. Bc4 Rh7 40.
Qg8+ Bf8 41. Qxh7 h4 42. Qf7# 1-0

[Event "Challenge"]
[Site "http://www.queenalice.com/game.php?id=1825396"]
[Date "2023.11.16"]
[Round "-"]
[White "madeira39"]
[Black "Antonella"]
[Result "1-0"]
[WhiteElo "1842"]
[BlackElo "1375"]

1. e4 e5 2. Bc4 Bc5 3. Nf3 f6 4. Nc3 Nc6 5. a3 a6 6. Nh4 Nge7 7. Qh5+ g6 8. Nxg6
Nxg6 9. Nd5 Nd4 10. Ne3 c6 11. c3 Ne6 12. O-O Nf4 13. Qd1 d5 14. Ba2 Bxe3 15.
dxe3 Bg4 16. f3 Nxg2 17. fxg4 Nxe3 18. Bxe3 Qd7 19. exd5 Ne7 20. Rxf6 O-O-O 21.
d6 Nd5 22. Bg5 Rhf8 23. Rxf8 Rxf8 24. Be7 Rf4 25. Bxd5 Rxg4+ 26. Bg2 h5 27. Kh1
Rxg2 28. Kxg2 Qe6 29. Qxh5 Kb8 30. Qe8+ Ka7 31. d7 Qd5+ 32. Kg1 e4 33. d8=Q e3
34. Qxd5 cxd5 35. Bc5+ b6 36. Qd7+ Kb8 37. Bd6+ Ka8 38. Qc8+ Ka7 39. Qb8# 1-0

[Event "Challenge"]
[Site "http://www.queenalice.com/game.php?id=1827894"]
[Date "2023.12.24"]
[Round "-"]
[White "dosoldini"]
[Black "Antonella"]
[Result "0-1"]
[WhiteElo "1555"]
[BlackElo "1373"]

1. e4 e5 2. Nf3 Nc6 3. c3 d5 4. d4 Bg4 5. Be2 Bxf3 6. Bxf3 Nf6 7. Nd2 exd4 8. c4
Bb4 9. O-O Bxd2 10. Qxd2 dxe4 11. Re1 O-O 12. Bxe4 Nxe4 13. Rxe4 Re8 14. Rg4 h6
15. Qxh6 Re1# 0-1

[Event "Challenge"]
[Site "http://www.queenalice.com/game.php?id=1828128"]
[Date "2023.12.29"]
[Round "-"]
[White "dosoldini"]
[Black "Antonella"]
[Result "1-0"]
[WhiteElo "1552"]
[BlackElo "1394"]

1. e4 e5 2. d3 Nc6 3. f4 g6 4. Nf3 d6 5. d4 Bg4 6. Be2 Bxf3 7. Bxf3 exd4 8. c3
Qf6 9. Qb3 a6 10. Qxb7 Nge7 11. Qxa8+ Kd7 12. Bg4+ Nf5 13. Qxa6 Qh4+ 14. g3 Qxg4
15. exf5 Qxf5 16. O-O Bg7 17. b4 dxc3 18. a4 Bd4+ 19. Rf2 c2 20. Nd2 Bxa1 21. b5
Nb4 22. Qa5 Bd4 23. Qxb4 Bxf2+ 24. Kxf2 Qc5+ 25. Qxc5 dxc5 26. Kf3 Ra8 27. Nb3
Rxa4 28. Nxc5+ Kc8 29. Nxa4 1-0

[Event "Challenge"]
[Site "http://www.queenalice.com/game.php?id=1828139"]
[Date "2023.12.30"]
[Round "-"]
[White "PRZ"]
[Black "Antonella"]
[Result "1-0"]
[WhiteElo "1482"]
[BlackElo "1384"]

1. g3 e5 2. Bg2 d5 3. c3 Nc6 4. b4 Bf5 5. d3 e4 6. d4 Nf6 7. Na3 a6 8. b5 Bxa3
9. bxc6 Bxc1 10. Qxc1 b6 11. a4 b5 12. Qa3 Qd6 13. Qxd6 cxd6 14. axb5 Bc8 15. b6
Rb8 16. Rb1 O-O 17. c7 Rb7 18. e3 Nd7 19. Ne2 g5 20. O-O Rxb6 21. Rxb6 Nxb6 22.
Rb1 Na8 23. h4 f6 24. h5 Bg4 25. Kf1 Bxe2+ 26. Kxe2 Nxc7 27. Rb7 Nb5 28. Kd2 a5
29. Rxb5 Ra8 30. h6 a4 31. Kc2 Rc8 32. Bh3 Re8 33. Ra5 Ra8 34. Rxa8+ Kf7 35.
Rxa4 1-0

[Event "Challenge"]
[Site "http://www.queenalice.com/game.php?id=1828494"]
[Date "2024.1.4"]
[Round "-"]
[White "Baptiste2003"]
[Black "Antonella"]
[Result "1-0"]
[WhiteElo "1117"]
[BlackElo "1354"]

1. e4 e5 2. Nf3 d5 3. Nxe5 Nf6 4. f3 dxe4 5. fxe4 Nxe4 6. d3 Nf6 7. Bg5 Be7 8.
d4 h6 9. Bh4 Nc6 10. Bb5 a6 11. Bc4 Nxd4 12. Nxf7 Rf8 13. Nxd8 Kxd8 14. Qxd4+
Bd7 15. Nc3 Bb4 16. O-O-O Kc8 17. Qxd7+ Nxd7 18. Rhf1 Rxf1 19. Rxf1 Kb8 20. a3
Bd6 21. Ne4 Bxh2 22. Rf7 Ne5 23. Rf8+ Ka7 24. Bf2+ b6 25. Rxa8+ Kxa8 26. Bd5+
Ka7 27. Bg3 Bxg3 28. Nxg3 g5 29. Kd2 b5 30. Ke3 Kb6 31. Kd4 Nd7 32. c4 c5+ 33.
Kd3 Ne5+ 34. Kc3 bxc4 35. Bxc4 Ng4 36. Nf5 h5 37. g3 Nf6 38. Ne7 Ne4+ 39. Kd3
Nxg3 40. Nd5+ Ka5 41. b4+ cxb4 42. axb4+ Ka4 43. Bxa6 Nf5 44. Ke4 Nd6+ 45. Ke5
Nf7+ 46. Kf6 Nd6 47. Kxg5 h4 48. Kxh4 1-0

[Event "Challenge"]
[Site "http://www.queenalice.com/game.php?id=1828496"]
[Date "2024.1.4"]
[Round "-"]
[White "Antonella"]
[Black "aurelianobuendia"]
[Result "0-1"]
[WhiteElo "1372"]
[BlackElo "1328"]

1. d4 d5 2. Nc3 Nc6 3. f4 Bf5 4. e3 e6 5. Bb5 Nf6 6. a3 Bd6 7. Bxc6+ bxc6 8. Nf3
Be4 9. O-O Ng4 10. Ne5 Bxe5 11. dxe5 h5 12. h3 Qh4 13. hxg4 hxg4 14. f5 Qh1+ 15.
Kf2 Qxg2+ 16. Ke1 Qg3+ 17. Rf2 Bf3 18. Qd4 Rh1+ 19. Kd2 Qxf2+ 20. Kd3 Qf1+ 21.
Ne2 Bxe2+ 22. Kc3 Qxf5 23. b3 Bd1 24. Ra2 g3 25. e4 Qf3+ 26. Kb4 Bxc2 27. Rxc2
Rd1 28. Qe3 Rb8+ 29. Ka4 Rd4+ 30. b4 Qd1 31. Qe2 Qh1 32. Qg4 Rxe4 33. Qxg7 Rb7
34. Qxg3 Kd7 35. Kb3 a5 36. Qf2 axb4 37. a4 Qh3+ 38. Kb2 Ra7 39. a5 Rxa5 40.
Qxf7+ Kc8 41. Qe8+ Kb7 42. Rxc6 Qa3+ 43. Kc2 Qc3+ 44. Kd1 Re1# 0-1

[Event "Challenge"]
[Site "http://www.queenalice.com/game.php?id=1831155"]
[Date "2024.2.9"]
[Round "-"]
[White "Antonella"]
[Black "Camy"]
[Result "1-0"]
[WhiteElo "1329"]
[BlackElo "1303"]

1. e4 e5 2. Nf3 Nc6 3. h3 h6 4. d4 d6 5. d5 Nd4 6. Nxd4 exd4 7. Qxd4 c5 8. Qe3
Nf6 9. Nc3 Be7 10. Bb5+ Bd7 11. O-O g6 12. a4 Bxb5 13. Nxb5 a6 14. Nc3 O-O 15.
a5 b5 16. axb6 Qxb6 17. Qxh6 Nh5 18. Qe3 a5 19. b3 Bf6 20. Ra4 Bxc3 21. Qxc3 Nf6
22. Qxf6 Qb5 23. Bh6 Rfe8 24. Qg7# 1-0

[Event "Challenge"]
[Site "http://www.queenalice.com/game.php?id=1832986"]
[Date "2024.3.8"]
[Round "-"]
[White "dosoldini"]
[Black "Antonella"]
[Result "1/2-1/2"]
[WhiteElo "1587"]
[BlackElo "1344"]

1. e4 c5 2. Nf3 Nc6 3. Bc4 e6 4. a4 a6 5. c3 Nf6 6. Bd3 h6 7. h3 d5 8. Qe2 c4 9.
Bc2 e5 10. d3 cxd3 11. Bxd3 Bd6 12. Bd2 dxe4 13. Bxe4 Nxe4 14. Qxe4 O-O 15. Be3
f5 16. Qd5+ Kh7 17. Nbd2 e4 18. Nd4 Ne7 19. Qc4 b5 20. Qe2 f4 21. O-O fxe3 22.
Nxe4 exf2+ 23. Rxf2 Ng6 24. Qh5 Nf4 25. Ng5+ Qxg5 26. Qxg5 Nxh3+ 27. gxh3 Bh2+
28. Rxh2 hxg5 29. axb5 Bb7 30. Ne6 Rf6 31. Re1 axb5 32. h4 Kg8 33. hxg5 Rg6 34.
Kf2 Rc8 35. Re5 Re8 36. Nf4 Rf8 37. Kg3 Rd6 38. g6 Rd1 39. Ng2 Rd3+ 40. Ne3 Rf3+
41. Kh4 Rf4+ 42. Ng4 Re4 43. Re2 Rxe2 44. Rxe2 Kf8 45. Rf2+ Ke8 46. Rf7 Rd7 47.
Ne5 Rxf7 48. gxf7+ Ke7 49. Kg5 Kf8 50. Kg6 Be4+ 51. Kg5 Bd5 1/2-1/2